[Event "PRO League Atlantic 2017"]
[Site "chess.com INT"]
[Date "2017.01.18"]
[Round "2"]
[White "Zapata, Alonso"]
[Black "Norowitz, Yaacov"]
[Result "0-1"]
[WhiteTitle "GM"]
[BlackTitle "IM"]
[WhiteElo "2418"]
[BlackElo "2429"]
[WhiteTeam "Atlanta Kings"]
[BlackTeam "Philadelphia Inventors"]
[WhiteFideId "4400011"]
[BlackFideId "2024799"]
[EventDate "2017.01.11"]

1. e4 c6 2. d4 d5 3. Nc3 dxe4 4. Nxe4 Nf6 5. Nxf6+ gxf6 6. Qd3 Qd5 7. Ne2 Bf5 8.
Qe3 Bxc2 9. Nc3 Qe6 10. Qxe6 fxe6 11. Bc4 Bf5 12. Ne2 Nd7 13. Ng3 Nb6 14. Bb3
Nd5 15. Bd2 Bg6 16. O-O h5 17. Rfe1 h4 18. Ne4 b6 19. Rac1 Bxe4 20. Rxe4 Kd7 21.
Rce1 Bh6 22. Bxh6 Rxh6 23. Rxe6 Re8 24. Ba4 b5 25. Bb3 Rh5 26. g3 hxg3 27. fxg3
Nc7 28. R6e3 e6 29. Rf3 f5 30. Rc3 Rc8 31. Re5 Rhh8 32. Rc1 Kd6 33. Rce1 Rh6 34.
Rc1 a6 35. Rec5 Na8 36. a4 Nb6 37. a5 Nd7 38. R5c3 Rg6 39. Rf1 Nf6 40. Re3 Ne4
41. Bc2 Nd2 42. Rf2 Nc4 43. Rc3 Nxa5 44. Ra3 Nc4 45. Rxa6 Rgg8 46. Bb3 Ra8 47.
Rxa8 Rxa8 48. Re2 Ra1+ 49. Kf2 Rb1 50. h4 Kd5 51. Kg2 Kxd4 52. Bxc4 bxc4 53. h5
e5 54. h6 Ra1 55. h7 Ra8 56. Kf3 e4+ 57. Kf4 Kd3 58. Rh2 Rh8 59. Kxf5 e3 60. Rh6
e2 61. Rd6+ Kc2 62. Re6 Kd2 63. Kg6 e1=Q 64. Rxe1 Kxe1 65. g4 Kd2 66. g5 Kc2 67.
Kg7 Rb8 68. g6 Kxb2 69. h8=Q Rxh8 70. Kxh8 c3 71. g7 c2 72. g8=Q c1=Q 73. Qb8+
Ka2 74. Qa7+ Kb1 75. Kg7 Qc3+ 76. Kg6 c5 77. Qb7+ Kc1 78. Qh1+ Kb2 79. Qb7+ Kc2
80. Qg2+ Kb3 81. Qb7+ Ka3 82. Qa6+ Kb2 0-1

[Event "PRO League Atlantic 2017"]
[Site "chess.com INT"]
[Date "2017.01.18"]
[Round "2"]
[White "Carter, Emmanuel"]
[Black "Shen, Christopher Y"]
[Result "1-0"]
[BlackTitle "CM"]
[WhiteElo "2052"]
[BlackElo "2165"]
[WhiteTeam "Carolina Cobras"]
[BlackTeam "Columbus Cardinals"]
[WhiteFideId "30908167"]
[BlackFideId "2090635"]
[EventDate "2017.01.11"]

1. e4 c5 2. Nf3 e6 3. Nc3 a6 4. d4 cxd4 5. Nxd4 Qc7 6. g3 Nf6 7. Bg2 d6 8. O-O
Nbd7 9. Qe2 Be7 10. Re1 Rb8 11. a4 b6 12. e5 Nxe5 13. f4 Qc5 14. Be3 Neg4 15.
Bc6+ Bd7 16. Bxd7+ Kxd7 17. Qxa6 Nxe3 18. Qa7+ Qc7 19. Qxc7+ Kxc7 20. Rxe3 d5
21. f5 Bc5 22. fxe6 Ng4 23. Ncb5+ Kb7 24. Rf3 Ne5 25. Rf2 f6 26. c3 Rhe8 27. Kg2
Nd3 28. Re2 Ne5 29. Nf5 Rxe6 30. Nbd4 Ree8 31. Nxg7 Rg8 32. Nh5 Rg6 33. Nf4 Rg4
34. Nxd5 Bxd4 35. cxd4 Rxd4 36. Nxf6 Nc6 37. Nxh7 Rh8 38. Nf6 Rh6 39. Ne4 Rb4
40. Nc3 Rd6 41. h4 Rg4 42. Kh3 Rdg6 43. Rg1 Nd4 44. Rf2 Rg7 45. h5 R4g5 46. g4
Re7 47. Rgf1 Re3+ 48. Kh4 Rg8 49. Rf7+ Kc6 50. h6 Ne6 51. h7 Rh8 52. g5 Rd8 53.
Rd1 Rxd1 54. Nxd1 Re4+ 55. Kg3 1-0

[Event "PRO League Atlantic 2017"]
[Site "chess.com INT"]
[Date "2017.01.18"]
[Round "2"]
[White "Carter, Emmanuel"]
[Black "Baker, Vincent J"]
[Result "1-0"]
[WhiteElo "2052"]
[BlackElo "1960"]
[WhiteTeam "Carolina Cobras"]
[BlackTeam "Columbus Cardinals"]
[WhiteFideId "30908167"]
[BlackFideId "30911974"]
[EventDate "2017.01.11"]

1. d4 Nf6 2. Nf3 e6 3. c4 Bb4+ 4. Nc3 b6 5. e3 Bb7 6. Bd3 O-O 7. Bd2 d6 8. O-O
Nbd7 9. Qe2 Bxc3 10. Bxc3 Ne4 11. Bxe4 Bxe4 12. Nd2 Bb7 13. e4 e5 14. d5 f5 15.
exf5 Rxf5 16. f4 Qe7 17. fxe5 Rxf1+ 18. Rxf1 Nxe5 19. Bxe5 dxe5 20. Re1 Re8 21.
Ne4 b5 22. Rd1 Rd8 23. b3 Qb4 24. Ng5 Re8 25. Qh5 Qc5+ 26. Kh1 Rd8 27. Qxh7+ 1-0

[Event "PRO League Atlantic 2017"]
[Site "chess.com INT"]
[Date "2017.01.18"]
[Round "2"]
[White "Benjamin, Joel"]
[Black "Arnold, Marc T"]
[Result "1-0"]
[WhiteTitle "GM"]
[BlackTitle "GM"]
[WhiteElo "2544"]
[BlackElo "2524"]
[WhiteTeam "New Jersey Knockouts"]
[BlackTeam "Montclair Sopranos"]
[WhiteFideId "2000091"]
[BlackFideId "2022320"]
[EventDate "2017.01.11"]

1. e4 c5 2. Nf3 Nc6 3. Bb5 d6 4. O-O Bg4 5. c3 a6 6. Bxc6+ bxc6 7. d4 cxd4 8.
cxd4 e6 9. Be3 Nf6 10. Nbd2 Rc8 11. Qa4 Qb6 12. e5 Bxf3 13. exf6 Bd5 14. Nc4 Qc7
15. Qxa6 Rb8 16. fxg7 Bxg7 17. Bf4 Rd8 18. Nb6 Be4 19. Rfe1 Bf5 20. Rac1 O-O 21.
d5 exd5 22. Nxd5 Qd7 23. Qxc6 Bxb2 24. Qxd7 Bxd7 25. Rb1 Bg7 26. Bxd6 Rfe8 27.
Bc7 Rxe1+ 28. Rxe1 Re8 29. Rxe8+ Bxe8 30. Ne7+ Kh8 31. Nf5 Bc3 32. Nd6 Bc6 33.
Nxf7+ Kg8 34. Be5 Bb4 35. Nh6+ Kf8 36. Bb2 Ke7 37. a3 Bc5 38. Nf5+ Kd7 39. Nd4
Be4 40. f3 Bg6 41. g4 Kd6 42. Kg2 Kd5 43. Nf5 Kc4 44. Kg3 Kb3 45. Be5 Bxa3 46.
h4 Kc2 47. h5 Bf7 48. Bd6 Bb2 49. Kh4 Kd3 50. Kg5 Bc1+ 51. Bf4 Bb2 52. Kh6 Ke2
53. Nh4 Bg8 54. g5 Bc3 55. Bg3 Bd2 56. f4 Ke3 57. f5 Ke4 58. f6 Bb4 59. Kg7 Be6
60. Kxh7 Bg4 61. h6 Kd5 62. Kg7 1-0

[Event "PRO League Atlantic 2017"]
[Site "chess.com INT"]
[Date "2017.01.18"]
[Round "2"]
[White "Paragua, Mark"]
[Black "Kumar, Nikhil"]
[Result "0-1"]
[WhiteTitle "GM"]
[BlackTitle "FM"]
[WhiteElo "2492"]
[BlackElo "2379"]
[WhiteTeam "New York Knights"]
[BlackTeam "Miami Champions"]
[WhiteFideId "5201241"]
[BlackFideId "30909040"]
[EventDate "2017.01.11"]

1. d4 d5 2. Bg5 Nf6 3. Bxf6 exf6 4. e3 Bd6 5. g3 O-O 6. Bg2 c6 7. Ne2 b6 8. O-O
Bb7 9. b3 Nd7 10. c4 f5 11. Nbc3 Nf6 12. Qc2 g6 13. Rfb1 Re8 14. c5 bxc5 15.
dxc5 Bxc5 16. Nxd5 cxd5 17. Qxc5 Ne4 18. Qd4 Qb6 19. Rc1 Rac8 20. Nf4 Red8 21.
h4 Qxd4 22. exd4 Nf6 23. Nd3 Nd7 24. b4 Rc4 25. Nc5 Nxc5 26. dxc5 Rxb4 27. c6
Bc8 28. Rab1 a5 29. a3 Rxb1 30. Rxb1 Kf8 31. Rb8 Ke7 32. c7 Re8 33. Bxd5 Kd6 34.
Bxf7 Rf8 35. Bc4 Kxc7 36. Ra8 Re8 37. Kh2 Re4 38. Bd5 Ra4 39. Bg8 Rxa3 40. Bxh7
Bb7 41. Ra7 Ra1 42. Rxb7+ Kxb7 43. Bxg6 a4 44. h5 a3 45. Bxf5 Re1 0-1

[Event "PRO League Atlantic 2017"]
[Site "chess.com INT"]
[Date "2017.01.18"]
[Round "2"]
[White "Paragua, Mark"]
[Black "Iturrizaga Bonelli, Eduardo"]
[Result "0-1"]
[WhiteTitle "GM"]
[BlackTitle "GM"]
[WhiteElo "2492"]
[BlackElo "2652"]
[WhiteTeam "New York Knights"]
[BlackTeam "Miami Champions"]
[WhiteFideId "5201241"]
[BlackFideId "3901211"]
[EventDate "2017.01.11"]

1. d4 Nf6 2. Bg5 c5 3. d5 Qb6 4. Nc3 d6 5. e4 Nbd7 6. Rb1 g6 7. Nf3 Bg7 8. Be2
O-O 9. O-O a6 10. Nd2 Qc7 11. a4 Rb8 12. Ra1 Re8 13. a5 b5 14. axb6 Rxb6 15. Nc4
Rb4 16. Qd2 Nb6 17. b3 Nfd7 18. Ra3 Nxc4 19. Bxc4 a5 20. Na2 Ne5 21. Be2 Rxe4
22. c3 c4 23. f3 Qc5+ 0-1

[Event "PRO League Atlantic 2017"]
[Site "chess.com INT"]
[Date "2017.01.18"]
[Round "2"]
[White "Iturrizaga Bonelli, Eduardo"]
[Black "Yudasin, Leonid"]
[Result "1/2-1/2"]
[WhiteTitle "GM"]
[BlackTitle "GM"]
[WhiteElo "2652"]
[BlackElo "2517"]
[WhiteTeam "Miami Champions"]
[BlackTeam "New York Knights"]
[WhiteFideId "3901211"]
[BlackFideId "2802341"]
[EventDate "2017.01.11"]

1. Nf3 Nf6 2. c4 c5 3. Nc3 e6 4. d4 cxd4 5. Nxd4 a6 6. g3 Qc7 7. e3 Be7 8. Qe2
b6 9. Bg2 Bb7 10. e4 O-O 11. O-O d6 12. Be3 Nbd7 13. Rac1 Rac8 14. Rfd1 Rfe8 15.
b3 Nc5 16. f3 Qb8 17. Qf2 Ba8 18. g4 h6 19. h4 Nh7 20. Qg3 Nf8 21. f4 Ncd7 22.
g5 h5 23. f5 d5 24. Qxb8 Rxb8 25. fxe6 fxe6 26. exd5 Ba3 27. Rc2 exd5 28. Nxd5
Ng6 29. Bf2 Nde5 30. Re2 Ng4 31. Bg3 Rxe2 32. Nxe2 Re8 33. Nd4 Bxd5 34. Bxd5+
Kh7 35. Bf7 Re7 36. Bxg6+ Kxg6 37. Re1 Rxe1+ 38. Bxe1 Bc5 39. Bc3 Ne3 40. Kh2
Bd6+ 41. Kh3 Be5 42. Ne2 Bxc3 43. Nxc3 Kf5 44. Na4 b5 45. cxb5 axb5 46. Nc5 Ke5
47. a4 bxa4 48. bxa4 Kd5 49. Nd3 Ke4 50. Nf2+ Kf3 51. Nh1 Nd5 52. a5 Nf4+ 53.
Kh2 Kg4 54. a6 Nd5 55. a7 Nb6 56. Ng3 Kxh4 57. Nf5+ Kxg5 58. Nxg7 Na8 59. Nxh5
Kxh5 60. Kg3 Kg5 61. Kf3 Kf5 62. Ke3 Ke5 63. Kd3 Kd5 64. Kc3 Kc6 65. Kb3 Kb7 66.
Kb4 Kxa7 1/2-1/2

[Event "PRO League Atlantic 2017"]
[Site "chess.com INT"]
[Date "2017.01.18"]
[Round "2"]
[White "Iturrizaga Bonelli, Eduardo"]
[Black "Biag, Ivan Gil"]
[Result "1-0"]
[WhiteTitle "GM"]
[BlackTitle "FM"]
[WhiteElo "2652"]
[BlackElo "2337"]
[WhiteTeam "Miami Champions"]
[BlackTeam "New York Knights"]
[WhiteFideId "3901211"]
[BlackFideId "5201624"]
[EventDate "2017.01.11"]

1. Nf3 d5 2. c4 c6 3. e3 Nf6 4. Nc3 e6 5. Qc2 Nbd7 6. b3 Bd6 7. Bb2 O-O 8. Rg1
e5 9. cxd5 Nxd5 10. Ne4 Bc7 11. g4 Re8 12. a3 N7f6 13. g5 Nxe4 14. Qxe4 Qe7 15.
h4 g6 16. h5 Bf5 17. Qh4 Nb6 18. Rh1 Rad8 19. Be2 Bd6 20. Nh2 Rf8 21. Bg4 Bd3
22. Be2 Bf5 23. Nf1 f6 24. gxf6 Qxf6 25. Qxf6 Rxf6 26. Ng3 Rdf8 27. hxg6 Bxg6
28. Rh2 R6f7 29. Rg2 Rg7 30. O-O-O Nd5 31. Rdg1 Rgf7 32. Ne4 Bb8 33. Bh5 Ne7 34.
Bxg6 Nxg6 35. Kd1 Rf5 36. Ke2 Bc7 37. Ng5 Bd8 38. Nxh7 Kxh7 39. Rxg6 Rxf2+ 40.
Kd3 Bf6 41. R6g3 Rh2 42. Ke4 Rh5 43. Bc3 Rd8 44. Rg4 Rd7 45. Rf1 Bg7 46. Rf5 Rh2
47. a4 b5 48. Rfg5 bxa4 49. bxa4 a6 50. Rxg7+ 1-0

[Event "PRO League Atlantic 2017"]
[Site "chess.com INT"]
[Date "2017.01.18"]
[Round "2"]
[White "Biag, Ivan Gil"]
[Black "Abreu Delgado, Aryam"]
[Result "1/2-1/2"]
[WhiteTitle "FM"]
[BlackTitle "GM"]
[WhiteElo "2337"]
[BlackElo "2452"]
[WhiteTeam "New York Knights"]
[BlackTeam "Miami Champions"]
[WhiteFideId "5201624"]
[BlackFideId "3502589"]
[EventDate "2017.01.11"]

1. d4 Nf6 2. c4 e6 3. Nc3 c5 4. d5 exd5 5. cxd5 d6 6. e4 g6 7. Nge2 Bg7 8. Ng3
O-O 9. Be2 Re8 10. O-O h5 11. Bg5 a6 12. a4 Nbd7 13. f3 Qb6 14. Qd2 Nh7 15. Be3
Ne5 16. a5 Qd8 17. h3 h4 18. Nh1 f5 19. Nf2 Rb8 20. f4 Nf7 21. Bd3 Nf6 22. Rfe1
Nh5 23. e5 dxe5 24. fxe5 Bxe5 25. Bxc5 Qc7 26. Rxe5 Qxe5 27. Bf1 Bd7 28. Nd3 Qf6
29. Qf2 Nd6 30. Bd4 Qg5 31. Ne5 Rbd8 32. Nf3 Qg3 33. Nxh4 Qxf2+ 34. Bxf2 Kf7 35.
Nf3 Nf6 36. Ng5+ Kg8 37. Bd4 Nfe4 38. Nf3 Nxc3 39. bxc3 Nb5 40. Bb6 Nxc3 41.
Bxd8 Rxd8 42. Bc4 Bb5 43. Bxb5 axb5 44. a6 bxa6 45. Rxa6 Rxd5 46. Rxg6+ Kf7 47.
Rb6 Ke7 48. Kf2 Kd7 49. g4 fxg4 50. hxg4 Kc7 51. Rh6 b4 52. Ke3 b3 53. Nd2 b2
54. Rh1 Rxd2 55. Kxd2 b1=Q 56. Rxb1 Nxb1+ 57. Kd3 Kd6 58. Ke4 Ke6 59. g5 1/2-1/2

[Event "PRO League Atlantic 2017"]
[Site "chess.com INT"]
[Date "2017.01.18"]
[Round "2"]
[White "Hungaski, Robert Andrew"]
[Black "Pichot, Alan"]
[Result "1/2-1/2"]
[WhiteTitle "GM"]
[BlackTitle "GM"]
[WhiteElo "2488"]
[BlackElo "2548"]
[WhiteTeam "Patagonia Penguins"]
[BlackTeam "Buenos Aires Krakens"]
[WhiteFideId "2021030"]
[BlackFideId "110973"]
[EventDate "2017.01.11"]

1. Nf3 Nf6 2. c4 e6 3. Nc3 d5 4. d4 dxc4 5. e3 a6 6. Bxc4 b5 7. Bb3 Bb7 8. O-O
Nbd7 9. Qe2 c5 10. e4 cxd4 11. Nxd4 Bc5 12. Rd1 Qb6 13. Be3 O-O 14. f3 Ne5 15.
Rd2 Rfd8 16. Rad1 Nc6 17. Nc2 Bxe3+ 18. Qxe3 Qxe3+ 19. Nxe3 Kf8 20. Rxd8+ Rxd8
21. Rxd8+ Nxd8 22. a4 b4 23. Na2 a5 24. Bc4 Nd7 25. Bb5 Nb6 26. b3 Bc6 27. Bxc6
Nxc6 28. Kf2 Ke7 29. Nc1 Nd4 30. Nf1 Nd7 31. Ke3 e5 32. Kd3 Kd6 33. Ne3 Kc6 34.
Nd5 Nb6 35. Nxb6 Kxb6 36. Kc4 Kc6 37. Nd3 f6 38. f4 Nc2 39. fxe5 Na3+ 40. Kd4
Nc2+ 41. Kc4 Ne3+ 42. Kd4 Nc2+ 43. Kc4 Na3+ 44. Kd4 Nc2+ 1/2-1/2

[Event "PRO League Atlantic 2017"]
[Site "chess.com INT"]
[Date "2017.01.18"]
[Round "2"]
[White "Hungaski, Robert Andrew"]
[Black "Mareco, Sandro"]
[Result "0-1"]
[WhiteTitle "GM"]
[BlackTitle "GM"]
[WhiteElo "2488"]
[BlackElo "2645"]
[WhiteTeam "Patagonia Penguins"]
[BlackTeam "Buenos Aires Krakens"]
[WhiteFideId "2021030"]
[BlackFideId "112275"]
[EventDate "2017.01.11"]

1. e4 c5 2. c3 Nf6 3. e5 Nd5 4. d4 cxd4 5. Nf3 b6 6. Qxd4 Bb7 7. Bc4 e6 8. O-O
Qc7 9. Bb3 Ne7 10. Bf4 Bxf3 11. gxf3 Nbc6 12. Qe4 Ng6 13. Bg3 h5 14. h3 Bc5 15.
f4 Nge7 16. Nd2 Nf5 17. Kh1 O-O-O 18. Ba4 Kb8 19. b4 Be7 20. Nf3 Rc8 21. Rfd1 d5
22. Qd3 g5 23. Bh2 g4 24. Ng5 Nxe5 25. fxe5 Bxg5 26. Bc2 Nh4 27. a4 Qxc3 28.
Qxc3 Rxc3 29. Bd3 Nf3 30. a5 Rhc8 31. axb6 axb6 32. hxg4 hxg4 33. Bg3 Rb3 34. b5
Rcc3 35. Bf1 Ra3 36. Rxa3 Rxa3 37. Kg2 Ra2 38. Bd3 Kc8 39. Bh7 Kd7 40. Be4 Nh4+
41. Kf1 Ke7 42. Bd3 Nf3 43. Be2 Bd2 44. Kg2 Ra3 45. Bxf3 gxf3+ 46. Kh3 Bb4 47.
Kg4 Bc5 48. Rb1 f5+ 49. Kf4 Kf7 50. Rh1 Rb3 51. Rh7+ Kg6 52. Rc7 Rxb5 53. Kxf3
Rb3+ 54. Kf4 Rb4+ 55. Kf3 Rc4 56. Rc6 Kf7 57. Rc7+ Ke8 58. Rb7 Rc3+ 59. Kf4 d4
60. Kg5 Be7+ 61. Kg6 Bd8 62. Rh7 d3 63. Bf4 Rc2 64. Bg5 Bxg5 65. Rh8+ Kd7 66.
Kxg5 d2 67. Rh7+ Kc6 68. Rh1 Rc1 0-1

[Event "PRO League Atlantic 2017"]
[Site "chess.com INT"]
[Date "2017.01.18"]
[Round "2"]
[White "Sambuev, Bator"]
[Black "Li, Chao b"]
[Result "1/2-1/2"]
[WhiteTitle "GM"]
[BlackTitle "GM"]
[WhiteElo "2539"]
[BlackElo "2720"]
[WhiteTeam "Toronto Dragons"]
[BlackTeam "Montreal ChessBrahs"]
[WhiteFideId "4128290"]
[BlackFideId "8604436"]
[EventDate "2017.01.11"]

1. Nf3 Nf6 2. c4 g6 3. Nc3 Bg7 4. e4 O-O 5. d4 d6 6. Be2 Bg4 7. Be3 Nc6 8. d5
Nb8 9. O-O c6 10. Rc1 Nbd7 11. h3 Bxf3 12. Bxf3 Qa5 13. Be2 Rfc8 14. f4 cxd5 15.
cxd5 Ne8 16. Bg4 Nef6 17. Bf3 Ne8 18. Bg4 Nef6 19. Bf3 Rc7 20. Qa4 Qxa4 21. Nxa4
Rac8 22. Rxc7 Rxc7 23. Rc1 Rxc1+ 24. Bxc1 b6 25. Be3 Ne8 26. Kf1 Nc7 27. Ke2 Na6
28. Nc3 Bxc3 29. bxc3 Nac5 30. Bd4 h5 31. Ke3 f6 32. Be2 Kf7 33. Bb5 a6 34. Be2
b5 35. a3 Nb6 36. f5 gxf5 37. Bxh5+ Kg7 38. Bxc5 dxc5 39. Be2 fxe4 40. Kxe4 Na4
41. Kd3 Kg6 42. h4 f5 43. Kc2 Nb6 44. c4 bxc4 45. Bf3 f4 46. Kc3 Kf5 47. h5 a5
48. Kc2 Na4 49. Be2 Kg5 50. Bf3 c3 51. Be2 Nb6 52. Bf3 Nc4 53. a4 Nb6 54. Kxc3
Nxa4+ 55. Kc4 Nb6+ 56. Kxc5 Nd7+ 57. Kb5 Nf6 58. Kxa5 Nxh5 59. Kb6 Ng7 60. Kc6
Nf5 61. Be4 Nd6 62. Bf3 Kf6 63. Kd7 Nf7 64. Ke8 Ng5 65. Kd7 Nf7 66. Ke8 Ne5 67.
Be4 Nc4 68. Bf3 e6 69. dxe6 Kxe6 70. Kf8 Kf6 71. Ke8 Nd2 72. Ba8 Kf5 73. Kf7 Nf1
74. Ke7 Ne3 75. Kf7 Kg4 76. Kf6 Nc4 77. Kg6 Ne5+ 78. Kf6 Nd3 79. Kg6 Kg3 80. Kg5
Ne1 81. Kf5 Nc2 82. Kg5 Ne3 83. Bb7 Nc4 84. Ba8 Nd6 85. Bc6 Nf7+ 86. Kf5 Nh6+
87. Kg5 Ng4 88. Ba8 Ne3 89. Bb7 Nf1 90. Ba8 Nd2 91. Bb7 Nb1 92. Ba8 Nc3 93. Bb7
Nb5 94. Ba8 Nd4 95. Bb7 Ne6+ 96. Kf5 Nd8 97. Bd5 Nf7 98. Bxf7 Kxg2 99. Kxf4 1/2-1/2

[Event "PRO League Atlantic 2017"]
[Site "chess.com INT"]
[Date "2017.01.18"]
[Round "2"]
[White "Leskovar, Matias"]
[Black "Sanhueza, Cristian"]
[Result "1-0"]
[WhiteTitle "FM"]
[WhiteElo "2306"]
[BlackElo "2257"]
[WhiteTeam "Patagonia Penguins"]
[BlackTeam "Buenos Aires Krakens"]
[WhiteFideId "106844"]
[BlackFideId "116815"]
[EventDate "2017.01.11"]

1. d4 Nf6 2. Bg5 e6 3. e4 Be7 4. Nc3 d5 5. e5 Nfd7 6. Bxe7 Qxe7 7. f4 a6 8. Nf3
c5 9. Qd2 Nc6 10. h4 b5 11. h5 Bb7 12. h6 g6 13. dxc5 Qxc5 14. O-O-O Nb6 15. Nd4
b4 16. Nce2 Nc4 17. Qd3 Rc8 18. Nxc6 Bxc6 19. Qd4 Bb5 20. Qxc5 Rxc5 21. Nd4 Ke7
22. Rh3 Rhc8 23. g4 g5 24. f5 Nxe5 25. Bxb5 axb5 26. fxe6 fxe6 27. Re3 Nxg4 28.
Rxe6+ Kd7 29. Rde1 Rf8 30. Re7+ Kc8 31. Ne6 1-0

[Event "PRO League Atlantic 2017"]
[Site "chess.com INT"]
[Date "2017.01.18"]
[Round "2"]
[White "Leskovar, Matias"]
[Black "Perez Ponsa, Federico"]
[Result "0-1"]
[WhiteTitle "FM"]
[BlackTitle "GM"]
[WhiteElo "2306"]
[BlackElo "2583"]
[WhiteTeam "Patagonia Penguins"]
[BlackTeam "Buenos Aires Krakens"]
[WhiteFideId "106844"]
[BlackFideId "117927"]
[EventDate "2017.01.11"]

1. d4 Nf6 2. Nf3 e6 3. Bg5 h6 4. Bxf6 Qxf6 5. e4 d6 6. Nc3 Bd7 7. Qd2 Nc6 8. Bb5
a6 9. Ba4 b5 10. Bb3 g5 11. h3 Bg7 12. O-O-O O-O 13. e5 Qg6 14. exd6 cxd6 15. d5
Na5 16. dxe6 Nxb3+ 17. axb3 Bxe6 18. Nd4 Rac8 19. b4 Rc4 20. Nce2 Rfc8 21. c3 a5
22. bxa5 Ra4 23. Qc2 Qf6 24. Nxe6 Qxe6 25. Rhe1 Ra1+ 26. Kd2 Qd5+ 27. Qd3 Rxd1+
28. Rxd1 Qxg2 29. Qxb5 Qxf2 30. a6 Be5 31. Ra1 Rc5 32. Qd3 Bf4+ 33. Kc2 Re5 34.
a7 Rxe2+ 35. Qxe2 Qxe2+ 36. Kb3 Qb5+ 37. Kc2 Qf5+ 38. Kb3 Qd5+ 39. c4 Qa8 40.
Kb4 Be3 0-1

[Event "PRO League Atlantic 2017"]
[Site "chess.com INT"]
[Date "2017.01.18"]
[Round "2"]
[White "Arnold, Marc T"]
[Black "Fishbein, Alexander"]
[Result "1/2-1/2"]
[WhiteTitle "GM"]
[BlackTitle "GM"]
[WhiteElo "2524"]
[BlackElo "2481"]
[WhiteTeam "Montclair Sopranos"]
[BlackTeam "New Jersey Knockouts"]
[WhiteFideId "2022320"]
[BlackFideId "2000377"]
[EventDate "2017.01.11"]

1. d4 Nf6 2. Nf3 g6 3. c4 Bg7 4. Nc3 O-O 5. e4 d6 6. Bg5 a6 7. Be2 c6 8. a4 a5
9. O-O Na6 10. h3 e5 11. d5 Nc5 12. Nd2 Qc7 13. Be3 Nfd7 14. Nb3 Nxb3 15. Qxb3
Kh8 16. Rfd1 Nc5 17. Qa3 Na6 18. dxc6 bxc6 19. Qxd6 Qxd6 20. Rxd6 Nb4 21. Rc1
Re8 22. Bb6 Bf8 23. Rd8 Rxd8 24. Bxd8 Be6 25. Rd1 Kg7 26. Bb6 Nc2 27. Rd8 Rxd8
28. Bxd8 Bb4 29. Kf1 Nd4 30. Bd3 Nb3 31. Ke2 Nc5 32. Na2 Nxa4 33. Nxb4 axb4 34.
b3 Nc5 35. Bc2 Na6 36. Bh4 c5 37. Bg3 f6 38. f4 exf4 39. Bxf4 Kf7 40. Bd6 Ke8
41. Kf3 Kd7 42. e5 fxe5 43. Bxe5 Nc7 44. Kf4 Ne8 45. Kg5 Bg8 46. h4 Ke6 47. Bb2
Nd6 48. g4 Nf7+ 49. Kf4 Nd6 50. Be5 Nf7 51. Bc7 Kd7 52. Be5 Ke6 53. Bg7 Kd6 54.
Bf8+ Kc6 55. Be4+ Kb6 56. h5 gxh5 57. gxh5 Nd8 58. Ke5 Nc6+ 59. Kf6 Nd4 60. Kg7
Be6 61. Bxh7 Nxb3 62. h6 Nd4 63. Be4 Nf5+ 64. Kf6 Nxh6 65. Kxe6 Ng4 66. Kd6 Nf2
67. Bc2 Ng4 68. Bg7 Ne3 69. Bb3 Nf5+ 70. Ke5 Nxg7 71. Kd6 Nh5 72. Ke5 Ng3 73.
Kf4 Nf1 74. Bd1 Nd2 75. Be2 b3 76. Ke3 b2 77. Bd3 b1=Q 78. Bxb1 Nxb1 79. Kd3 Na3
80. Kc3 Ka5 81. Kb3 Nb1 82. Kc2 Na3+ 83. Kb3 Nb1 84. Kc2 Kb4 85. Kxb1 Kb3 86.
Kc1 Kc3 87. Kb1 Kxc4 88. Kc2 Kb4 89. Kb2 c4 90. Kc2 c3 91. Kc1 Kb3 92. Kb1 c2+
93. Kc1 Kc3 1/2-1/2

[Event "PRO League Atlantic 2017"]
[Site "chess.com INT"]
[Date "2017.01.18"]
[Round "2"]
[White "Arnold, Marc T"]
[Black "Jacobson, Brandon"]
[Result "1-0"]
[WhiteTitle "GM"]
[BlackTitle "CM"]
[WhiteElo "2524"]
[BlackElo "2225"]
[WhiteTeam "Montclair Sopranos"]
[BlackTeam "New Jersey Knockouts"]
[WhiteFideId "2022320"]
[BlackFideId "30901561"]
[EventDate "2017.01.11"]

1. e4 c5 2. Nf3 e6 3. d4 cxd4 4. c3 Nf6 5. e5 Nd5 6. cxd4 b6 7. Bd3 Ba6 8. Bxa6
Nxa6 9. O-O Nac7 10. Nbd2 d6 11. Ne4 dxe5 12. Nxe5 Be7 13. Qg4 Kf8 14. Qf3 f5
15. Nc3 Bf6 16. Re1 g5 17. Qh5 Qe7 18. Nxd5 Nxd5 19. Bd2 Kg7 20. h4 g4 21. Bh6+
Kg8 22. Nxg4 fxg4 23. Re4 Bg7 24. Bxg7 Kxg7 25. Qxd5 exd5 26. Rxe7+ Kf6 27. Rae1
Rhc8 28. R1e6+ Kf5 29. Re2 g3 30. fxg3 Rc1+ 31. Kh2 h5 32. R7e5+ Kg6 33. Rg5+
Kf6 34. Rxh5 Ra1 35. a3 Rc8 36. g4 Rcc1 37. Rxd5 Rf1 38. Kg3 Kg6 39. h5+ Kh6 40.
Rd6+ Kg7 41. h6+ Kg8 42. g5 Rad1 43. Rd7 Rd3+ 44. Kg4 Rf8 45. Ree7 Rc8 46. Rg7+
Kf8 47. Rh7 Ke8 48. Rdg7 1-0

[Event "PRO League Atlantic 2017"]
[Site "chess.com INT"]
[Date "2017.01.18"]
[Round "2"]
[White "Kleinman, Michael"]
[Black "Sambuev, Bator"]
[Result "0-1"]
[WhiteTitle "FM"]
[BlackTitle "GM"]
[WhiteElo "2289"]
[BlackElo "2539"]
[WhiteTeam "Montreal ChessBrahs"]
[BlackTeam "Toronto Dragons"]
[WhiteFideId "2609479"]
[BlackFideId "4128290"]
[EventDate "2017.01.11"]

1. e4 e5 2. Nf3 d6 3. d4 Nf6 4. Nc3 Nbd7 5. Bc4 Be7 6. O-O O-O 7. a4 a5 8. h3 c6
9. Re1 Re8 10. Ba2 h6 11. Be3 Qc7 12. d5 Nf8 13. Nd2 Ng6 14. Nc4 Ra6 15. Qd2 Nh5
16. Rad1 c5 17. Nb5 Qd8 18. Qe2 Nhf4 19. Qf1 Bg5 20. Kh2 Rf8 21. Ncxd6 Rxd6 22.
Bxc5 Rf6 23. Bxf8 Qxf8 24. d6 Bd7 25. Re3 Nh4 26. g3 Nxh3 27. gxh4 Rxf2+ 28.
Qxf2 Nxf2 29. hxg5 Ng4+ 30. Kg1 Nxe3 31. Rd3 hxg5 32. Rxe3 Bxb5 33. axb5 Qxd6
34. Bd5 Qc5 35. Kf2 Qxc2+ 36. Kg3 Qc5 37. Rc3 Qxb5 38. Kg4 Qd7+ 39. Kxg5 Kh7 40.
Rf3 f6+ 41. Kh5 g6+ 42. Kh4 f5 43. Rh3 Kg7 44. Rg3 Kf6 0-1

[Event "PRO League Atlantic 2017"]
[Site "chess.com INT"]
[Date "2017.01.18"]
[Round "2"]
[White "Wang, Jason"]
[Black "Giannatos, Peter"]
[Result "1-0"]
[WhiteElo "2006"]
[BlackElo "2284"]
[WhiteTeam "Columbus Cardinals"]
[BlackTeam "Carolina Cobras"]
[WhiteFideId "30908124"]
[BlackFideId "2041650"]
[EventDate "2017.01.11"]

1. d4 Nf6 2. c4 c5 3. d5 b5 4. cxb5 a6 5. bxa6 g6 6. Nc3 Bxa6 7. Nf3 d6 8. e4
Bxf1 9. Kxf1 Bg7 10. g3 O-O 11. Kg2 Nbd7 12. h3 Ra6 13. Re1 Qa8 14. Qc2 Rb8 15.
Bd2 Ne8 16. a4 Nc7 17. b3 e6 18. dxe6 Nxe6 19. Rab1 Ne5 20. Nxe5 Nd4 21. Qd3
Bxe5 22. Nd5 Ra7 23. Be3 Rab7 24. Bxd4 Bxd4 25. Qc4 Qa5 26. Red1 Qd8 27. Rd3 Bg7
28. b4 cxb4 29. Rxb4 Rc8 30. Qb3 Ra7 31. Rb6 Qe8 32. Kf3 Rca8 33. a5 h5 34. a6
Qd8 35. Rb7 Rxa6 36. Nb4 Qf6+ 37. Kg2 R6a7 38. Nd5 Qd8 39. Ne7+ Kh7 40. Rxa7
Rxa7 41. Nc6 Qa8 42. Nxa7 Qxa7 43. Rxd6 Qe7 44. Qd3 h4 45. Rd5 hxg3 46. fxg3 Qf6
47. Qf3 Qb2+ 48. Qf2 Qb1 49. Qe2 Qb7 50. Kh2 Bf6 51. Rd1 Kg7 52. Rf1 Be5 53. Qf3
Qc7 54. Rf2 Qd7 55. h4 Qe7 56. Kg2 Qd7 57. h5 Qe7 58. hxg6 fxg6 59. Qg4 Qd6 60.
Qf3 Bf6 61. Qxf6+ Qxf6 62. Rxf6 Kxf6 63. Kf3 Ke5 64. Ke3 g5 65. g4 Ke6 66. Kd4
Kd6 67. e5+ Ke7 68. Kd5 Kd7 69. e6+ Ke8 70. Ke5 Kf8 71. Kf6 Ke8 72. Kxg5 1-0